000 00348nam a2200145Ia 4500
100 _aAdmiralty
650 _aElectrical Engineering
942 _cBK
654 _aElectrical Calculations
245 _aExamples in Electrical Caculations
260 _bStandard Publication
_aDelhi
_c1975
082 _a621.3
300 _a432
546 _aENGLISH
999 _c34639
_d34639